| Tag |
First Indicator |
Second Indicator |
Subfields |
| LEADER |
00000cam a2200000 a 4500 |
| 001 |
in00005750432 |
| 005 |
20260326192729.6 |
| 006 |
m o d |
| 007 |
cr ||||||||||| |
| 008 |
120924s2008 paua ob 001 0 eng d |
| 040 |
|
|
|a KOS
|b eng
|c KOS
|d OCLCO
|d WAU
|d OPELS
|d VAM
|d OCLCO
|d VVL
|d OCLCQ
|d OPELS
|d OCLCQ
|d OPELS
|d Z5A
|d OCLCO
|d UAB
|d OCLCO
|d OCLCA
|d OCLCF
|d OCLCQ
|d OPELS
|d OCLCO
|d OCL
|d OCLCQ
|d CASUM
|d OCLCQ
|d OCLCO
|d OCLCL
|d OCLCQ
|d OCLCL
|
| 020 |
|
|
|a 1416000267
|q (electronic bk.)
|
| 020 |
|
|
|a 9781416000266
|q (electronic bk.)
|
| 035 |
|
|
|a (OCoLC)810931507
|
| 050 |
1 |
4 |
|a RG493.5.B56
|
| 060 |
1 |
4 |
|a WP 870
|
| 082 |
0 |
4 |
|a 618.1/90758
|2 23
|
| 049 |
|
|
|a TXAM
|
| 100 |
1 |
|
|a Bleiweiss, Ira J.
|
| 245 |
1 |
0 |
|a Breast core biopsy :
|b a pathologic-radiologic correlative approach /
|c Ira J. Bleiweiss, Shabnam Jaffer, Susan R. Drossman.
|
| 260 |
|
|
|a Philadelphia :
|b Saunders Elsevier,
|c ©2008.
|
| 300 |
|
|
|a 1 online resource (xiii, 188 pages) :
|b color illustrations
|
| 336 |
|
|
|a text
|b txt
|2 rdacontent
|
| 337 |
|
|
|a computer
|b c
|2 rdamedia
|
| 338 |
|
|
|a online resource
|b cr
|2 rdacarrier
|
| 504 |
|
|
|a Includes bibliographical references and index.
|
| 505 |
0 |
|
|a Introduction and general considerations -- Well-circumscribed solid lesions -- Well-circumscribed solid lesions with heterogeneous radiodensity -- Largely cystic lesions -- Partially solid, partially cystic lesions -- Well-circumscribed solid malignancies -- Irregular densities -- Spiculated architectural distortion -- Architectural distortion -- Introduction to stereotactic core biopsies for calcifications -- Calcium oxalate crystals -- Linear high-density calcifications -- Clustered low-density granular calcifications -- Linear and branching calcifications -- Miscellaenous unusual and rare lesions -- Complications and follow-up: after the core biopsy -- Postscript.
|
| 588 |
0 |
|
|a Print version record.
|
| 520 |
|
|
|a This state-of-the-art reference is your visual guide to the diagnosis of the full spectrum of breast lesions seen in core biopsy specimens, including difficult and borderline pathology. Case-based presentations correlating radiologic and pathologic findings, help pathologists, radiologists, and surgeons gain a better understanding of the entire pathology process, thus greatly improving diagnostic accuracy and subsequent therapy. Correlate radiologic features with pathologic findings to accurately evaluate neoplastic and non-neoplastic breast lesions. Consider all possible entities via differential diagnoses. Get hands-on advice in the assessment and evaluation of each specimen using a highlighted list of "points to remember" at the end of every work up. Make the most informed clinical recommendations by understanding the pitfalls and limitations of breast core biopsies. Solve your toughest challenges using more than 650 full-color illustrations-950 in all-for comparison. Avoid medico-legal implications by providing the most complete and precise diagnosis possible.
|
| 650 |
|
0 |
|a Breast
|x Biopsy.
|
| 650 |
|
0 |
|a Breast
|x Precancerous conditions
|x Diagnosis.
|
| 650 |
|
0 |
|a Biopsy.
|
| 650 |
|
2 |
|a Breast Neoplasms
|x diagnosis
|
| 650 |
|
2 |
|a Breast Neoplasms
|x pathology
|
| 650 |
|
2 |
|a Biopsy
|
| 650 |
|
2 |
|a Breast
|x pathology
|
| 650 |
|
6 |
|a Sein
|x Biopsie.
|
| 650 |
|
6 |
|a Biopsie.
|
| 650 |
|
7 |
|a Biopsy
|2 fast
|
| 650 |
|
7 |
|a Breast
|x Biopsy
|2 fast
|
| 655 |
|
7 |
|a Electronic books.
|2 local
|
| 700 |
1 |
|
|a Jaffer, Shabnam.
|
| 700 |
1 |
|
|a Drossman, Susan R.
|
| 710 |
2 |
|
|a ScienceDirect (Online service)
|
| 758 |
|
|
|i has work:
|a Breast core biopsy (Text)
|1 https://id.oclc.org/worldcat/entity/E39PCGff6hby6wCRbKJ3ygrgJC
|4 https://id.oclc.org/worldcat/ontology/hasWork
|
| 776 |
0 |
8 |
|i Print version:
|a Bleiweiss, Ira J.
|t Breast core biopsy.
|d Philadelphia : Saunders Elsevier, 2008
|z 9781416000266
|w (OCoLC)195757196
|
| 856 |
4 |
0 |
|u http://proxy.library.tamu.edu/login?url=https://www.sciencedirect.com/science/book/9781416000266
|z Connect to the full text of this electronic book
|t 0
|
| 955 |
|
|
|a Elsevier ScienceDirect 2026-2027
|
| 994 |
|
|
|a 92
|b TXA
|
| 999 |
f |
f |
|i cca32051-8335-4721-ae65-d7d89afdf243
|s 4f640309-1cb0-44b8-8e82-b06d8680f7d8
|t 0
|
| 952 |
f |
f |
|a Texas A&M University
|b College Station
|c Electronic Resources
|s www_evans
|d Available Online
|t 0
|e RG493.5.B56
|h Library of Congress classification
|
| 998 |
f |
f |
|a RG493.5.B56
|t 0
|l Available Online
|